000 00715nam a2200265Ia 4500
001 30251
005 20240114001439.0
007 ta
008 060715s1935 g b000 u 465 u
040 _aCotton College,Assam
041 _a465
082 _a294.12
_bG 346 C
100 _aGhosh, Batakrishna .
245 0 _aCollection of Fragments of Lost Brahmanas /
_cBatakrishna Ghosh.
_hTextual Documents
250 _a1st ed. /
260 _aCalcutta :
_bModern Publishing Syndicate ,
_c1935.
300 _a114p. ;
_c22cm.
653 _aFragments-Collection
653 _aBrahmanas
653 _aG-Religion
942 _2ddc
_cBK
999 _c30233
_d30233